000 01096nam a22002297a 4500
005 20240911113303.0
010 _aHIN-128374
020 _a9788195751020
_c325.00
035 _aHN-100720
037 _bDBAD
082 _a821
245 _aअभिव्यक्ति अंतर्मन की...:
_bचेतना साझा काव्य संग्रह-2/
_cमीना सिंह, चेतना लवास और मोनिका सिंह द्वारा संपादित
250 _aप्रथम
260 _aNew Delhi
_bफ्लोरेंट पब्लिकेशन
_c2022
270 _a8, 2, Street Number 1, Arya Nagar, Dayanand Vihar, West Vinod Nagar,
_bNew Delhi
_e110092
_minfo.florentpub@gmail.com
300 _a270 पृ.
_c20 सेमी (अजिल्द)
650 _aहिन्दी
_971460
700 _971230
_aमीना सिंह
700 _aलवास, चेतना
_971240
700 _aमोनिका सिंह
_971241
942 _aDPL
_cHN
_2ddc
_h821
_mअभिव्य
999 _c205665
_d205665